LEADER 01244nam0 22003011i 450 001 UON00308477 005 20231205104044.354 010 $a88-404-4054-2 100 $a20080222d1988 |0itac50 ba 101 $aita 102 $aIT 105 $a|||| 1|||| 200 1 $aˆLa ‰scrittura nei secoli$fDonald Jackson$gtraduzione di Linda Bertelli 210 $aFirenze$cNardini$d1988 215 $a176 p.$cill.$d26 cm. 606 $aPALEOGRAFIA LATINA$3UONC025693$2FI 606 $aSCRITTURA$xStoria$3UONC067947$2FI 620 $aIT$dFirenze$3UONL000052 676 $a302.224409$cComunicazione scritta. Trattamento storico e geografico$v21 700 1$aJACKSON$bDonald$3UONV176575$0101702 702 1$aBERTELLI$bLinda$3UONV176576 712 $aNardini$3UONV257229$4650 801 $aIT$bSOL$c20240220$gRICA 912 $aUON00308477 950 $aSIBA - SISTEMA BIBLIOTECARIO DI ATENEO$dSI FS 05291 $eSI FP 5589 5 950 $aSIBA - SISTEMA BIBLIOTECARIO DI ATENEO$dSI Fil.G XVI 012 $eSI LO 52054 5 012 996 $aScrittura nei secoli$9963211 997 $aUNIOR LEADER 01243nas 2200433- 450 001 996211852003316 005 20230404213020.0 011 $a2213-5820 035 $a(OCoLC)872054460 035 $a(CKB)2670000000335240 035 $a(CONSER)--2018204166 035 $a(DE-599)ZDB2705307-6 035 $a(EXLCZ)992670000000335240 100 $a20140306a20139999 --- a 101 0 $aeng 135 $aurmnu|||||||| 181 $ctxt$2rdacontent 182 $cc$2rdamedia 183 $acr$2rdacarrier 200 00$aActa geodaetica et geophysica 210 1$aBudapest, Hungary :$cAkadémiai Kiadó ;$a[Dordrecht] :$cSpringer,$d2013- 215 $a1 online resource 300 $aRefereed/Peer-reviewed 311 $a2213-5812 531 $aACTA GEOD. GEOPHYS 531 $aACTA GEOD GEOPHYS 606 $aGeodesy$vPeriodicals 606 $aGeophysics$vPeriodicals 606 $aGeodesy$2fast$3(OCoLC)fst00940371 606 $aGeophysics$2fast$3(OCoLC)fst00941002 608 $aPeriodicals.$2fast 615 0$aGeodesy 615 0$aGeophysics 615 7$aGeodesy. 615 7$aGeophysics. 906 $aJOURNAL 912 $a996211852003316 996 $aActa geodaetica et geophysica$91925617 997 $aUNISA